000 00443nam a2200169Ia 4500
008 090711s9999 xx 000 0 und d
082 _b45681
100 _aहसमनीस द. का.
245 _aझंझावत
260 _c1982
300 _a229
600 _aहसमनीस द. का.
630 _aझंझावत
700 _aहसमनीस द. का.
730 _aझंझावत
942 _cBOOK
999 _c298227
_d298227